Soluciones logísticas: manual para optimizar la cadena de suministro
Salvato in:
| Autore principale: | |
|---|---|
| Natura: | Libro |
| Lingua: | spagnolo |
| Pubblicazione: |
Ciudad de México
Alfaomega
2014
Ciudad de México Marge Books 2014 |
| Edizione: | 1a. ed |
| Serie: | Colección Logística y Comercio Internacional
|
| Soggetti: | |
| Tags: |
Aggiungi Tag
Nessun Tag, puoi essere il primo ad aggiungerne!!
|
MARC
| LEADER | 00000cam a2200000 a 4500 | ||
|---|---|---|---|
| 001 | UCE5498 | ||
| 003 | CL-VaPUC | ||
| 008 | 150115e20140000mx |||||||||||||||||spa|d | ||
| 020 | |a 9786076220245 | ||
| 082 | 0 | 4 | |a 658.54 |b ALV |2 21 |
| 100 | 0 | |a Alvarez Ochoa, Francisco |e author |9 578178 | |
| 245 | 1 | 0 | |a Soluciones logísticas: manual para optimizar la cadena de suministro |
| 250 | |a 1a. ed | ||
| 300 | |a 212 p | ||
| 942 | |c BK | ||
| 945 | |d 20150115 11:28:00 |a arojas | ||
| 260 | |a Ciudad de México |b Alfaomega |c 2014 | ||
| 260 | |a Ciudad de México |b Marge Books |c 2014 | ||
| 650 | 7 | |a LOGISTICA |2 CL-VaPUC |9 485423 | |
| 650 | 0 | |a Embalaje |9 364157 | |
| 650 | 0 | |a Almacenaje |9 413162 | |
| 650 | 7 | |a TRANSPORTE |2 CL-VaPUC |9 256365 | |
| 650 | 0 | |a Cadena de suministro |9 554744 | |
| 583 | |a last modification |c 20150115 11:28:00 |k Rodrigo Vera | ||
| 490 | 0 | |a Colección Logística y Comercio Internacional | |
| 999 | |c 358213 |d 358211 | ||
| 952 | |0 0 |1 0 |3 erb |4 0 |6 658_540000000000000_ALV_2014_2014 |7 0 |8 A |9 466776 |a BIBENE |b BIBENE |i 5134773 |l 1 |o 658.54 ALV 2014 2014 |p 5134773 |q 2016-12-20 |r 2020-08-04 |s 2020-08-04 |w 2019-11-23 |y BK |z Catalogado en:20150115 |k ICO | ||